Guía de los museos locales de la provincia de Barcelona
Descripción Física:
39 p. : il. ; 21 cm
Materias:
Museus -- Barcelona (Província) -- Guies
MARC
| LEADER | 00000nam a2200000Ia 4500 | ||
|---|---|---|---|
| 001 | 1910 | ||
| 008 | 160829s1968 xx 000 0 cat d | ||
| 080 | |a FU-5-14 | ||
| 245 | |a Guía de los museos locales de la provincia de Barcelona | ||
| 260 | |a Barcelona : |b Diputación Provincial de Barcelona, |c 1968 | ||
| 300 | |a 39 p. : |b il. ; |c 21 cm | ||
| 590 | |a Al peu de la portada: III Asamblea de Instituciones Culturales de las Diputaciones Provinciales. Barcelona, 25 al 31 de marzo de 1968. | ||
| 590 | |a Hi ha un duplicat: DUP-65-3 | ||
| 650 | |a Museus |x Barcelona (Província) |x Guies |9 20512 | ||
| 710 | 1 | |a Barcelona (Catalunya : Província). |b Diputació |9 52408 | |
| 901 | |a Arxiu | ||
| 942 | |n 1 | ||
| 952 | |0 0 |1 0 |4 0 |6 FU514 |7 1 |9 41919 |a Arxiu |b Arxiu |d 2016-12-01 |l 0 |o FU-5-14 |p 1910 |r 2016-12-01 00:00:00 |w 2016-12-01 |y ARXIU | ||
| 999 | |c 44366 |d 44366 | ||